Normal view
MARC view
Entry Topical Term
001 - CONTROL NUMBER
- control field: 13098
003 - CONTROL NUMBER IDENTIFIER
- control field: BD-RjUL
005 - DATE AND TIME OF LATEST TRANSACTION
- control field: 20240521105347.0
008 - FIXED-LENGTH DATA ELEMENTS
- fixed length control field: 240521|| aca||aabn | a|a d
040 ## - CATALOGING SOURCE
- Original cataloging agency: BD-RjUL
- Transcribing agency: BD-RjUL
150 ## - HEADING--TOPICAL TERM
- Topical term or geographic name entry element: Arthropoda
- Form subdivision: Deltamethrin
670 ## - SOURCE DATA FOUND
- Source citation: Work cat.: (BD-RjUL)83789: Hasnat, Habiba 13097, Combined Action of Dimilin and Deltamethrin on Tribolium castaneum (Herbst) / , 2003